A família que não cabia dentro de casa (Registo nº 3956)

Detalhes MARC
000 -Etiqueta do registo
Cabeçalho 00777nam0a2200277 4500
005 - Identificador da versão
Campo de controlo 20240813122049.0
010 ## - Número internacional normalizado dos livros (ISBN)
Número (ISBN) 9724307573
021 ## - Número do Depósito Legal
Código do país PT
Número 198383/03
100 ## - Dados gerais de processamento
Dados gerais de processamento 20171128d2004 am y0pory5003 ba
102 ## - Pais de publicação ou produção
País de publicação Portugal
101 0# - Língua de publicação
Língua do texto, banda sonora, etc. Português
215 ## - Descrição física 
Indicação específica da natureza do documento e extensão da espécie 127 p.
Outras indicações físicas il
200 1# - Titulo e menção de responsabilidade
Título próprio A família que não cabia dentro de casa
Primeira menção de responsabilidade Alexandre Honrado
Outras menções de responsabilidade il. Rogério Taveira
225 1# - Colecção 
Título próprio da colecção Aventura de viver
205 ## - Menção da edição
Menção da edição 1ª ed
210 ## - Publicação, Distribuição, etc. 
Lugar da edição, distribuição, etc. Porto
Nome do editor, distribuidor, etc. Ambar
Data da publicação, distribuição, etc. 2004
300 ## - Notas gerais 
Texto da nota PNL
606 ## - Nome comum usado como assunto
Número de registo de entrada de autoridade 0001981
Palavra de ordem Literatura portuguesa
Subdivisão de assunto Romance
Código do sistema CA
675 ## - Classificação Decimal Universal (CDU)
Notação 821.134.3-31
Edição 3ª ed.
Língua da edição por
702 #1 - Nome de autor-pessoa física (responsabilidade secundária)
Número de registo de entrada de autoridade 0000438
Palavra de ordem Taveira
Outra parte do nome não tomada para palavra de ordem Rogério
Código de função Ilustrador / Técnico de desenho computorizado
700 #1 - Nome de autor-pessoa física (responsabilidade principal)
Número de registo de entrada de autoridade 0000423
Palavra de ordem Honrado
Outra parte do nome não tomada para palavra de ordem Alexandre
Datas 1960-
966 ## - Identificação da Biblioteca
Sigla EBVEN
942 ## - Elementos de entrada adicionados (Koha)
Tipo de item no Koha Livro
Exemplares
Situação do levantamento Origin of item (home branch) (coded) Biblioteca de empréstimo Código de barras Cota Data de devolução Circulation type (not for loan) Tipo de documento Nota do exemplar Damaged status
  Biblioteca Escolar das Vendas Biblioteca Escolar das Vendas BEV970 8POR HON PNL     Livro Sem mensagem